000 00724nam a22002297a 4500
003 DO-SdBNP
005 20221116142938.0
007 ta
008 110301s2022 dr 000 0 spa d
020 _a9789945180183
040 _aDO-SdBNP
_bspa
_cBNPHU
082 4 _axxxx
_bL318
100 1 _aLara Caba, Evelyn Zoraya
_953018
245 1 3 _aAl nombre de alguna mujer :
_bmalos tratos y afección psicológica /
_cEvelyn Zoraya Lara Caba
260 _aSanto Domingo :
_bBúho,
_c2022.
300 _a167 p. :
_c23 cm.
500 _aIncluye datos biográficos de la autora en la solapa de la portada.
504 _aBibliografía p: 145-167
590 _aInventariado, 2022/ YL
910 _aYLockward
942 _2ddc
_cLBS1
999 _c52959
_d52959